000 00535nam a2200205Ia 4500
003 OSt
005 20220926045909.0
006 a|||||r|||| 00| 0
007 ta
008 220923b |||||||| |||| 00| 0 eng d
037 _cGeneral Book
040 _aRTL
_cRTL
_beng
041 _2eng
_aeng
082 _aX9:2.247s, L6/GD/TD
245 0 _aState Domestic Product 1960-61 to 1975-76
260 _c1976
500 _aGlossary: p G1-G12
942 _hX9:2.247s, L6/GD/TD
_cGB
_2CC
999 _c678956
_d678956